Vlastné imanie jednotlivé zložky vlastného imania spoločnosti
Čo predstavuje vlastné imanie. Členenie právnických osôb pre potreby účtovania o vlastnom imaní. Typy obchodných spoločností. Spoločnosť s ručením obmedzeným - jej výhody a nevýhody. Charakteristika akciovej spoločnosti - výhody a nevýhody. Verejná obchodná spoločnosť. Komanditná spoločnosť. Družstv...
Saved in:
| Main Author: | |
|---|---|
| Format: | Book Chapter |
| Language: | Slovak |
| Subjects: | |
| Tags: |
No Tags, Be the first to tag this record!
|
MARC
| LEADER | 00000naa$a2200000$$$4500 | ||
|---|---|---|---|
| 001 | 0066021 | ||
| 005 | 20240502071801.2 | ||
| 041 | 0 | |a slo | |
| 044 | |a SK | ||
| 245 | 1 | 0 | |a Vlastné imanie |b jednotlivé zložky vlastného imania spoločnosti |c Martina Mateášová |
| 520 | |a Čo predstavuje vlastné imanie. Členenie právnických osôb pre potreby účtovania o vlastnom imaní. Typy obchodných spoločností. Spoločnosť s ručením obmedzeným - jej výhody a nevýhody. Charakteristika akciovej spoločnosti - výhody a nevýhody. Verejná obchodná spoločnosť. Komanditná spoločnosť. Družstvo. Štátny podnik. | ||
| 610 | 2 | 0 | |a imanie vlastné |
| 610 | 2 | 0 | |a spoločnosti akciové |
| 610 | 2 | 0 | |a spoločnosti komanditné |
| 610 | 2 | 0 | |a spoločnosti s r.o. |
| 610 | 2 | 0 | |a družstvá |
| 610 | 2 | 0 | |a podnik štátny |
| 610 | 2 | 0 | |a akcie |
| 610 | 2 | 0 | |a vklady |
| 610 | 2 | 0 | |a spoločníci |
| 610 | 2 | 0 | |a podnikanie |
| 100 | 1 | |a Mateášová, Martina, 1979- | |